000 01056 a2200229 4500
001 46971
005 20260407155739.0
008 260407a2001 arg spa d
003 AR-UNSa-BCEJYS
040 _aAR-UNSa-BCEJYS
_bspa
_cAR-UNSa-BCEJYS
080 _a330.101.541
_xMacroeconomía
245 1 0 _aAdvanced Macroeconomics
020 _a978-0-07-231855-5
250 _a2a. ed.
264 1 _aBoston :
_bMc Graw-Hill
_c2001
300 _a651 p.
_c24 cm.
505 _a1. The Solow growth model - 2. Infinite-Horizon and overlapping-Generations models - 3. New growth theory - 4. Real-business-cycle theory - 5. Traditional Keynesian theories of fluctuations - 6. Microeconomic foundations of incomplete nominal adjustment - 7. Consumption - 8. Investment - 9. Unemployment - 10. Inflation and monetary policy - 11. Budget deficits and fiscal policy.
942 _cBK
590 _aniveau_biblio:m niveau_hierar:0
100 1 _aRomer, David
856 4 1 _uhttps://www.biblioeco.unsa.edu.ar/pmb/images/libros/L127360.jpg
_yImagen de portada
_qimage/jpeg
999 _c4260
_d4260